[Event "AUTO-OPEN-1507"]
[Site "http://www.queenalice.com/game.php?id=569057"]
[Date "2009.4.9"]
[Round "1"]
[White "gilrer"]
[Black "wladimir"]
[Result "0-1"]
[WhiteElo "1508"]
[BlackElo "1457"]

1. d4 d5 2. c4 dxc4 3. e3 Nh6 4. Bxc4 e6 5. Nc3 Qf6 6. Nf3 Nc6 7. Bb5 a6 8.
Bxc6+ bxc6 9. Ne5 Qg5 10. O-O Bd6 11. Qa4 Bb7 12. g3 Ng4 13. Nxc6 Qh6 14. Ne5+
c6 15. Nxg4 Qg5 16. Ne5 Bxe5 17. dxe5 Qxe5 18. Qd4 Qxd4 19. exd4 a5 20. a4 Ba6
21. Re1 Rd8 22. Be3 O-O 23. Ne4 f5 0-1

[Event "AUTO-OPEN-1507"]
[Site "http://www.queenalice.com/game.php?id=569080"]
[Date "2009.4.9"]
[Round "1"]
[White "gilrer"]
[Black "roqqk"]
[Result "0-1"]
[WhiteElo "1452"]
[BlackElo "1780"]

1. e4 e5 2. Nf3 Nc6 3. Bc4 Qf6 4. d3 Nd4 5. Nbd2 Qg6 6. g3 d6 7. O-O Be7 8. Nxd4
exd4 9. Nb3 Bf6 10. Bd2 Bg4 11. f3 Bd7 12. f4 Bh3 13. Re1 O-O-O 14. f5 Qg4 15.
Bxf7 Qxd1 16. Raxd1 Ne7 17. c3 g6 18. Nxd4 Rdf8 19. Be6+ Kd8 20. Bh6 Rfg8 21.
Bxg8 Rxg8 22. Ne6+ Kd7 23. Nf8+ Kc6 24. Nxh7 Be5 25. Bg5 Nc8 26. Nf6 Bxf6 0-1

[Event "AUTO-OPEN-1507"]
[Site "http://www.queenalice.com/game.php?id=569081"]
[Date "2009.4.9"]
[Round "1"]
[White "roqqk"]
[Black "gilrer"]
[Result "0-1"]
[WhiteElo "1758"]
[BlackElo "1443"]

1. e4 c5 2. c4 d6 3. d3 Nf6 4. Nf3 Nc6 5. Bd2 e5 6. Be2 g6 7. O-O Bg7 8. Nc3 Bg4
9. Nd5 O-O 10. Bg5 Nb4 11. a3 Nbxd5 12. exd5 h6 13. Bxf6 Qxf6 14. h3 Bf5 15. Qb3
b6 16. g4 Bd7 17. a4 h5 18. a5 hxg4 19. hxg4 Bxg4 20. axb6 Bxf3 21. b7 Qg5+ 22.
Kh2 Qg2# 0-1

[Event "Challenge"]
[Site "http://www.queenalice.com/game.php?id=570138"]
[Date "2009.4.11"]
[Round "-"]
[White "Sap"]
[Black "gilrer"]
[Result "0-1"]
[WhiteElo "890"]
[BlackElo "1100"]

1. c3 d5 2. Nf3 Nf6 3. Ng5 e5 4. Rg1 Ng4 5. Qa4+ Bd7 6. b4 Bxa4 7. h3 Nh2 8. d3
Nxf1 9. Rxf1 Be7 10. Nf3 O-O 11. Nxe5 Nc6 12. Ng4 Bg5 13. e3 Bc2 14. Ke2 Bxb1
15. Rxb1 Re8 16. d4 h5 17. Nh2 a6 18. Nf3 b5 19. Ne5 Nxe5 20. dxe5 Rxe5 21. g3
d4 22. cxd4 Qxd4 23. Rb2 Qc4+ 24. Ke1 Qxc1+ 25. Ke2 Qxb2+ 26. Kf3 Rxe3+ 27. fxe3
Re8 28. h4 Rxe3# 0-1

[Event "AUTO-OPEN-1511"]
[Site "http://www.queenalice.com/game.php?id=570961"]
[Date "2009.4.12"]
[Round "1"]
[White "gilrer"]
[Black "Gera"]
[Result "0-1"]
[WhiteElo "1622"]
[BlackElo "1882"]

1. d4 Nc6 2. c4 d5 3. e3 Nf6 4. cxd5 Nxd5 5. Nf3 e6 6. Bb5 Bd7 7. Nc3 Bb4 8. Bd2
Nce7 9. Bxd7+ Qxd7 10. Ne5 Qd8 11. Nxd5 Bxd2+ 12. Qxd2 Nxd5 13. O-O O-O 14. e4
Nf6 15. Rfe1 Qd6 0-1

[Event "AUTO-OPEN-1511"]
[Site "http://www.queenalice.com/game.php?id=570962"]
[Date "2009.4.12"]
[Round "1"]
[White "Gera"]
[Black "gilrer"]
[Result "1-0"]
[WhiteElo "1888"]
[BlackElo "1593"]

1. Nf3 d5 2. d4 Nf6 3. e3 Bg4 4. c4 e6 5. cxd5 exd5 6. Be2 Bd6 7. Nc3 Nc6 8. Qb3
Rb8 9. Nxd5 Nxd5 10. Bd2 O-O 11. Qxd5 Nb4 12. Qc4 a5 13. a3 b5 14. Qc1 Nd5 15.
Bxa5 1-0

[Event "AUTO-OPEN-1511"]
[Site "http://www.queenalice.com/game.php?id=570965"]
[Date "2009.4.12"]
[Round "1"]
[White "gilrer"]
[Black "Velasquez"]
[Result "0-1"]
[WhiteElo "1444"]
[BlackElo "1868"]

1. d4 Nf6 2. c4 c5 3. dxc5 Qa5+ 4. Nc3 Qxc5 5. e4 d6 6. Bd3 Ng4 7. Nh3 Ne5 8.
Be2 Nbc6 9. Nd5 Qa5+ 10. Bd2 Qd8 11. Ndf4 g6 12. O-O Bg7 13. Rb1 O-O 14. b4 Nd4
15. Be3 Nxe2+ 16. Qxe2 Bd7 17. a3 a6 18. Rfc1 Rc8 19. f3 b5 20. c5 dxc5 0-1

[Event "AUTO-OPEN-1511"]
[Site "http://www.queenalice.com/game.php?id=570966"]
[Date "2009.4.12"]
[Round "1"]
[White "Velasquez"]
[Black "gilrer"]
[Result "1-0"]
[WhiteElo "1866"]
[BlackElo "1444"]

1. e4 c5 2. Nc3 d6 3. f4 e5 4. Bb5+ Nc6 5. d3 a6 6. Bxc6+ bxc6 7. Nf3 exf4 8.
Bxf4 Nf6 9. O-O Be6 10. Ng5 Bg4 11. Qe1 Be7 12. h3 Bh5 13. e5 dxe5 14. Qxe5 Qd4+
15. Qe3 Qxe3+ 16. Bxe3 O-O 17. Rae1 Nd5 18. Nxd5 cxd5 19. Bf4 Bf6 20. c3 1-0

[Event "AUTO-OPEN-1512"]
[Site "http://www.queenalice.com/game.php?id=571379"]
[Date "2009.4.13"]
[Round "1"]
[White "nonpop"]
[Black "gilrer"]
[Result "1-0"]
[WhiteElo "1729"]
[BlackElo "1414"]

1. e4 c5 2. Nc3 e6 3. Bc4 Nc6 4. Nf3 Nf6 5. a4 d5 6. Bd3 Bd6 7. exd5 exd5 8. Bb5
O-O 9. O-O d4 10. Ne2 Qc7 11. Ng3 Bg4 12. h3 Be6 13. d3 Bxg3 14. fxg3 Qxg3 15.
Ng5 1-0

[Event "AUTO-OPEN-1512"]
[Site "http://www.queenalice.com/game.php?id=571380"]
[Date "2009.4.13"]
[Round "1"]
[White "gilrer"]
[Black "nonpop"]
[Result "0-1"]
[WhiteElo "1409"]
[BlackElo "1732"]

1. d4 Nf6 2. c4 g6 3. Nc3 Bg7 4. e4 d6 5. Nf3 O-O 6. Be2 Nbd7 7. O-O h6 8. Qc2
e5 9. d5 b6 10. Be3 Ba6 11. Nd2 Rb8 12. a4 Qc8 13. h3 c6 14. b4 cxd5 0-1

[Event "AUTO-OPEN-1512"]
[Site "http://www.queenalice.com/game.php?id=571399"]
[Date "2009.4.13"]
[Round "1"]
[White "gilrer"]
[Black "Chemiker"]
[Result "0-1"]
[WhiteElo "1369"]
[BlackElo "1128"]

1. Nf3 d5 2. d3 Bf5 3. g3 Nc6 4. Bg2 e6 5. O-O Bc5 6. h3 Nf6 7. d4 Nxd4 8. Nxd4
Bxd4 9. Qxd4 O-O 10. Na3 b6 11. Bg5 h6 12. Bxf6 gxf6 13. Rfe1 e5 0-1

[Event "AUTO-OPEN-1512"]
[Site "http://www.queenalice.com/game.php?id=571400"]
[Date "2009.4.13"]
[Round "1"]
[White "Chemiker"]
[Black "gilrer"]
[Result "1-0"]
[WhiteElo "1090"]
[BlackElo "1405"]

1. e4 e5 2. Nf3 Nc6 3. Bc4 Nf6 4. d3 Be7 5. Nc3 d6 6. O-O O-O 7. Be3 Na5 8. b3
c6 9. b4 Nxc4 10. dxc4 Bg4 11. h3 Bh5 12. a3 Nd7 13. g4 Bg6 14. b5 cxb5 15. cxb5
1-0